[Event "Online Olym Div2 C 2021"]
[Site "chess.com INT"]
[Date "2021.09.02"]
[Round "1.1"]
[Board "1"]
[White "Liyanage, Ranindu Dilshan"]
[Black "Stupak, Kirill"]
[Result "0-1"]
[WhiteTitle "CM"]
[BlackTitle "GM"]
[WhiteElo "2197"]
[BlackElo "2492"]
[WhiteTeam "Sri Lanka"]
[BlackTeam "Belarus"]
[WhiteFideId "9915834"]
[BlackFideId "13503758"]
[EventDate "2021.09.02"]
[EventType "team"]

1. e4 e6 2. d4 d5 3. exd5 exd5 4. c4 Nf6 5. Nc3 Bb4 6. Nf3 O-O 7. Be2 Nc6 8. O-O
dxc4 9. h3 Bxc3 10. bxc3 Ne4 11. Bxc4 Nxc3 12. Qc2 Nd5 13. Ba3 Re8 14. Rab1 Nb6
15. Bb5 Bd7 16. Rfd1 h6 17. Rbc1 Rc8 18. Qb2 Ne7 19. Bd3 Ned5 20. Qd2 Qf6 21.
Ne5 Bf5 22. Be2 Be6 23. Bf3 c6 24. Bc5 Rcd8 25. Rb1 Nf4 26. Bxb6 axb6 27. Rxb6
Bc8 28. Qc3 Qg5 29. h4 Qxg2+ 30. Bxg2 Ne2+ 31. Kh2 Nxc3 32. Re1 Rxd4 33. Kg3 f6
34. Nf3 Rg4+ 35. Kh2 Rxe1 36. Nxe1 Rxh4+ 37. Kg1 Nxa2 38. Nd3 Rd4 39. Nc5 Rb4
40. Rxb4 Nxb4 41. Ne4 b5 42. Nd6 Be6 0-1

[Event "Online Olym Div2 C 2021"]
[Site "chess.com INT"]
[Date "2021.09.02"]
[Round "1.1"]
[Board "2"]
[White "Fedorov, Alexei"]
[Black "Doluweera, Minul Sanjula"]
[Result "1-0"]
[WhiteTitle "GM"]
[BlackTitle "FM"]
[WhiteElo "2532"]
[BlackElo "2129"]
[WhiteTeam "Belarus"]
[BlackTeam "Sri Lanka"]
[WhiteFideId "13500465"]
[BlackFideId "9910760"]
[EventDate "2021.09.02"]
[EventType "team"]

1. e4 c6 2. Nc3 d5 3. Qe2 d4 4. Nd1 c5 5. f4 Nc6 6. Nf3 g6 7. Qf2 Nf6 8. d3 Bg7
9. a3 O-O 10. Be2 c4 11. O-O b6 12. Qh4 Ba6 13. Nf2 cxd3 14. Bxd3 Bxd3 15. cxd3
Na5 16. f5 Nb3 17. Rb1 Nxc1 18. Rbxc1 Rc8 19. fxg6 fxg6 20. Ng5 Rxc1 21. Rxc1
Qd7 22. Qh3 Qxh3 23. gxh3 Nh5 24. Ne6 Bh6 25. Rc6 Rf3 26. Ng4 Be3+ 27. Kg2 Rf6
28. Nxf6+ Nxf6 29. Rc7 Kf7 30. Nd8+ Ke8 31. Nc6 Bc1 32. b4 Bxa3 33. Rxe7+ Kf8
34. Rxa7 Nh5 35. Kf3 Bc1 36. Rxh7 Nf4 37. Ne5 Ne6 38. h4 Bd2 39. Nxg6+ Kg8 40.
Re7 Ng7 41. Rb7 Bxb4 42. Rxb6 Bd2 43. Kg4 1-0

[Event "Online Olym Div2 C 2021"]
[Site "chess.com INT"]
[Date "2021.09.02"]
[Round "1.1"]
[Board "3"]
[White "Premanath, Dinushki"]
[Black "Tarasenka, Aliaksandra"]
[Result "0-1"]
[WhiteTitle "WFM"]
[BlackTitle "WFM"]
[WhiteElo "1793"]
[BlackElo "2124"]
[WhiteTeam "Sri Lanka"]
[BlackTeam "Belarus"]
[WhiteFideId "9903542"]
[BlackFideId "13514288"]
[EventDate "2021.09.02"]
[EventType "team"]

1. e4 c5 2. Nc3 Nc6 3. g3 g6 4. Bg2 Bg7 5. d3 e6 6. Be3 d6 7. Qd2 Rb8 8. Nge2
Nd4 9. O-O Ne7 10. Nd1 O-O 11. c3 Nxe2+ 12. Qxe2 Nc6 13. f4 Qe7 14. Qf2 b6 15.
f5 Qf6 16. Qd2 exf5 17. exf5 Bb7 18. Bg5 Qe5 19. Ne3 f6 20. Ng4 Qe7 21. Bh6 Ne5
22. Nxe5 dxe5 23. Bxg7 Kxg7 24. fxg6 hxg6 25. Bxb7 Qxb7 26. Qg2 Qd7 27. Rad1
Rbd8 28. Rfe1 Qa4 29. b3 Qb5 30. Qf3 Qd7 31. Rd2 Qd5 32. Kg2 Rf7 33. Red1 Qe6
34. Kg1 Rfd7 35. Qe3 Qd5 36. Qf2 f5 37. Qg2 Qe6 38. Qf2 Qd5 39. Qg2 e4 40. d4 c4
41. bxc4 Qxc4 42. Rc2 e3 43. Qf3 Re7 44. Re1 Rde8 45. Kg2 e2 46. Kf2 Re3 47.
Qxe3 Rxe3 48. Kxe3 Qe6+ 49. Kf2 Qc6 50. Rexe2 Qh1 51. Ke3 Qg1+ 52. Kd2 Qh1 53.
Kd3 Qf3+ 54. Kd2 Kf6 55. Kc1 a5 56. Kb2 Qd5 57. Re5 Qc4 58. Rce2 a4 59. h4 a3+
60. Kc2 Qxa2+ 61. Kd3 Qb1+ 62. Kc4 a2 63. Re6+ Kg7 64. Re7+ Kh6 65. Re8 a1=Q 66.
R2e7 Qa4+ 67. Kd5 Qbb5+ 68. Ke6 Qxe8 69. Rxe8 Qxe8+ 70. Kd6 Qe3 71. Kc6 Qxc3+
72. Kxb6 Qxd4+ 0-1

[Event "Online Olym Div2 C 2021"]
[Site "chess.com INT"]
[Date "2021.09.02"]
[Round "1.1"]
[Board "4"]
[White "Ilyuchyk, Yana"]
[Black "Ranasinghe, S D"]
[Result "1-0"]
[WhiteTitle "WFM"]
[BlackTitle "WIM"]
[WhiteElo "2170"]
[BlackElo "1725"]
[WhiteTeam "Belarus"]
[BlackTeam "Sri Lanka"]
[WhiteFideId "13508407"]
[BlackFideId "9902651"]
[EventDate "2021.09.02"]
[EventType "team"]

1. e4 c5 2. Nf3 Nc6 3. d4 cxd4 4. Nxd4 Nf6 5. Nc3 e5 6. Ndb5 d6 7. Bg5 a6 8. Na3
b5 9. Nd5 Be7 10. Bxf6 Bxf6 11. c4 b4 12. Nc2 Rb8 13. g3 Bg5 14. Bg2 a5 15. b3
Be6 16. O-O Ne7 17. Nde3 O-O 18. f4 exf4 19. gxf4 Bf6 20. Rb1 Qb6 21. Kh1 Bc8
22. Ng4 Bxg4 23. Qxg4 Ng6 24. Rbd1 Rbc8 25. Rd3 Qb8 26. Ne3 Rfe8 27. Nd5 Bd8 28.
Rg3 Bh4 29. Rh3 Bd8 30. f5 Ne5 31. Qh5 h6 32. f6 Re6 33. fxg7 Qb7 34. Rg3 Rc5
35. Bh3 Rg6 36. Rxg6 fxg6 37. Qxh6 Qxg7 38. Be6+ Nf7 39. Bxf7+ Qxf7 40. Rxf7
Kxf7 41. Qh7+ Kf8 42. Nf4 Re5 43. Nxg6+ Ke8 44. Nxe5 dxe5 45. Qh8+ Kd7 46. Qxe5 1-0

[Event "Online Olym Div2 C 2021"]
[Site "chess.com INT"]
[Date "2021.09.02"]
[Round "1.1"]
[Board "5"]
[White "De Silva, L M S T"]
[Black "Lazavik, Denis"]
[Result "1-0"]
[WhiteTitle "FM"]
[BlackTitle "IM"]
[WhiteElo "2085"]
[BlackElo "2440"]
[WhiteTeam "Sri Lanka"]
[BlackTeam "Belarus"]
[WhiteFideId "9953698"]
[BlackFideId "13515110"]
[EventDate "2021.09.02"]
[EventType "team"]

1. e4 c5 2. Nf3 e6 3. d4 cxd4 4. Nxd4 Nc6 5. Be2 Nf6 6. Nc3 Qc7 7. O-O a6 8. Be3
Be7 9. f4 d6 10. a4 O-O 11. Qe1 Nxd4 12. Bxd4 e5 13. fxe5 dxe5 14. Qg3 Bc5 15.
Bxc5 Qxc5+ 16. Kh1 Kh8 17. Rf2 Be6 18. Raf1 Rad8 19. Qg5 Nd7 20. Bh5 f6 21. Qh4
Nb6 22. Bg6 h6 23. h3 Qe7 24. b3 Rd6 25. Ne2 Rfd8 26. Ng3 Rd1 27. Kh2 Rxf1 28.
Rxf1 Nd7 29. Rf3 Nf8 30. Bf5 Bf7 31. Nh5 Bxh5 32. Qxh5 Qe8 33. Qxe8 Rxe8 34. Rc3
Ne6 35. Bxe6 Rxe6 36. Rc7 Rb6 37. Kg3 Rb4 38. Kf3 h5 39. Ke3 Kh7 40. Kd3 Kh6 41.
g3 g5 42. Ke3 g4 43. h4 Kg6 44. Rd7 Kh6 45. Rd3 Kg6 46. c4 f5 47. Rd6+ Kf7 48.
exf5 Rxb3+ 49. Ke4 Rxg3 50. Kxe5 Re3+ 51. Kf4 Rf3+ 52. Kg5 g3 53. Rd7+ Ke8 54.
Rd1 g2 55. Rg1 Rf2 56. Kg6 Kf8 57. a5 Rf4 58. Kg5 Rg4+ 59. Kxh5 Rxc4 60. Rxg2
Kf7 61. Kg5 Rc5 62. Rd2 Rxa5 63. Rd7+ Ke8 64. Rxb7 Ra1 65. h5 Kf8 66. Kf6 Kg8
67. Rg7+ Kh8 68. Rg3 Rb1 69. Kg6 Rb8 70. Rc3 Rg8+ 71. Kh6 Rf8 72. Rc5 Rf6+ 73.
Kg5 Rf8 74. f6 Rg8+ 75. Kh6 Rf8 76. Rf5 a5 77. f7 a4 78. Kg6 a3 79. Ra5 Rb8 80.
Ra6 a2 81. h6 a1=Q 82. Rxa1 Rb6+ 83. Kf5 Kh7 84. f8=Q Rb5+ 85. Ke4 1-0

[Event "Online Olym Div2 C 2021"]
[Site "chess.com INT"]
[Date "2021.09.02"]
[Round "1.1"]
[Board "6"]
[White "Zeliantsova, Kseniya"]
[Black "Sanudula, K M Dahamdi"]
[Result "1/2-1/2"]
[WhiteTitle "WFM"]
[BlackTitle "WCM"]
[WhiteElo "2056"]
[BlackElo "1717"]
[WhiteTeam "Belarus"]
[BlackTeam "Sri Lanka"]
[WhiteFideId "13512617"]
[BlackFideId "9932470"]
[EventDate "2021.09.02"]
[EventType "team"]

1. e4 d5 2. exd5 Qxd5 3. Nc3 Qa5 4. d4 Nf6 5. Nf3 Bg4 6. h3 Bxf3 7. Qxf3 c6 8.
Bd2 Qb6 9. O-O-O e6 10. Bg5 Nbd7 11. Bc4 Bd6 12. g4 Qa5 13. Bd2 Qc7 14. Rde1 Nb6
15. Bb3 O-O-O 16. g5 Nfd5 17. Ne4 Bf4 18. Be3 h6 19. gxh6 Bxh6 20. Kb1 Kb8 21.
Rhg1 Nxe3 22. fxe3 Nc8 23. Nc5 Nd6 24. Rgf1 Qe7 25. e4 Qh4 26. Ba4 Qe7 27. Qg3
Qc7 28. Qd3 Rhf8 29. c3 Rfe8 30. d5 exd5 31. e5 Nc4 32. Rf5 g6 33. Rf6 Nxe5 34.
Qd1 Qe7 35. Rxc6 Nxc6 36. Rxe7 Rxe7 37. Bxc6 bxc6 38. Qb3+ Ka8 39. Qa4 Rc8 40.
Qa6 Rcc7 41. Kc2 Be3 42. Nb3 Bb6 43. a4 f5 44. a5 Be3 45. Qd3 Rcd7 46. a6 Bb6
47. Qg3 Rg7 48. Qh4 Kb8 49. Qf4+ Kc8 50. Qe5 Rde7 51. Qd6 Re2+ 52. Kb1 Rge7 53.
Qxc6+ Kb8 54. Qxd5 R2e5 55. Qg8+ Kc7 56. Qxg6 R7e6 57. Qg7+ Kd6 58. Nd2 Re1+ 59.
Ka2 Kd5 60. Qd7+ Ke5 61. Nf3+ Kf6 62. Nxe1 Rxe1 63. Qd6+ Re6 64. Qf8+ Ke5 65. h4
f4 66. h5 Rf6 67. Qe7+ Kf5 68. Qg7 f3 69. Qg3 f2 70. Qg2 Ke6 71. Qf1 Rh6 72.
Qe2+ Kf6 73. c4 Rxh5 74. Qxh5 f1=Q 75. Qh6+ Ke5 76. Qg5+ Kd6 77. Qd5+ Kc7 78.
Qe5+ Kc6 79. Qe6+ Kc7 80. Qe7+ Kc6 81. Qb7+ Kd6 82. Qd5+ Ke7 83. Qb7+ Ke6 84.
Qc6+ Ke7 85. Qe4+ Kd6 86. Qd5+ 1/2-1/2

[Event "Online Olym Div2 C 2021"]
[Site "chess.com INT"]
[Date "2021.09.02"]
[Round "1.2"]
[Board "1"]
[White "Agdestein, Simen"]
[Black "Aagaard, Jacob"]
[Result "1/2-1/2"]
[WhiteTitle "GM"]
[BlackTitle "GM"]
[WhiteElo "2552"]
[BlackElo "2477"]
[WhiteTeam "Norway"]
[BlackTeam "Scotland"]
[WhiteFideId "1500015"]
[BlackFideId "1401815"]
[EventDate "2021.09.02"]
[EventType "team"]

1. e4 c5 2. Nf3 Nc6 3. d4 cxd4 4. Nxd4 Nf6 5. Nc3 e6 6. Nxc6 bxc6 7. e5 Nd5 8.
Ne4 Qc7 9. f4 Qb6 10. c4 Bb4+ 11. Ke2 f5 12. exf6 Nxf6 13. Be3 Qb8 14. Nxf6+
gxf6 15. Qd4 Be7 16. Kf2 d5 17. cxd5 cxd5 18. f5 O-O 19. fxe6 Bxe6 20. Bd3 f5
21. Bf4 Bf6 22. Qe3 Qxb2+ 23. Kg3 Rae8 24. Rae1 d4 25. Qf3 Qxa2 26. Re2 Qd5 27.
Rhe1 Qxf3+ 28. gxf3 Bd7 29. Bc4+ Kh8 30. Rxe8 Rxe8 31. Ra1 Be6 32. Bxe6 Rxe6 33.
Rxa7 Re7 34. Rxe7 Bxe7 35. Be5+ Kg8 36. Bxd4 Kf7 1/2-1/2

[Event "Online Olym Div2 C 2021"]
[Site "chess.com INT"]
[Date "2021.09.02"]
[Round "1.2"]
[Board "2"]
[White "Greet, Andrew N"]
[Black "Notkevich, Benjamin Arvola"]
[Result "1-0"]
[WhiteTitle "IM"]
[BlackTitle "GM"]
[WhiteElo "2401"]
[BlackElo "2471"]
[WhiteTeam "Scotland"]
[BlackTeam "Norway"]
[WhiteFideId "405817"]
[BlackFideId "1506536"]
[EventDate "2021.09.02"]
[EventType "team"]

1. e4 c5 2. Nc3 a6 3. g3 b5 4. Bg2 Nc6 5. Nge2 b4 6. Na4 e5 7. c3 a5 8. d4 bxc3
9. dxe5 Nxe5 10. O-O Be7 11. f4 Nc6 12. Nexc3 Ba6 13. Re1 Rb8 14. Be3 Nb4 15.
Nxc5 Bxc5 16. Bxc5 Nd3 17. Bd4 Nxe1 18. Qxe1 Ne7 19. Bxg7 Rg8 20. Bd4 Nc6 21.
Bc5 Nb4 22. Nd5 Nd3 23. Qc3 d6 24. Bd4 Kf8 25. Bf6 Qc8 26. Be7+ Ke8 27. Bxd6
Qxc3 28. bxc3 Kd7 29. Bxb8 Rxb8 30. Bf1 Rb2 31. Rd1 Nf2 32. Rd4 Bxf1 33. Kxf1
Kc6 34. Ne3 Nh3 35. Rd5 Rf2+ 36. Ke1 Rxa2 37. Rh5 Ng1 38. Kd1 Ne2 39. Nc2 Nxc3+
40. Kc1 a4 41. Nb4+ 1-0

[Event "Online Olym Div2 C 2021"]
[Site "chess.com INT"]
[Date "2021.09.02"]
[Round "1.2"]
[Board "3"]
[White "Machlik, Monika"]
[Black "Cooke, Suzie G."]
[Result "1-0"]
[BlackTitle "WFM"]
[WhiteElo "2096"]
[BlackElo "1915"]
[WhiteTeam "Norway"]
[BlackTeam "Scotland"]
[WhiteFideId "1513621"]
[BlackFideId "414930"]
[EventDate "2021.09.02"]
[EventType "team"]

1. d4 d5 2. c4 e6 3. Nc3 c5 4. cxd5 cxd4 5. Qa4+ Bd7 6. Qxd4 exd5 7. Qxd5 Nc6 8.
Nf3 Nf6 9. Qd1 Bf5 10. Qxd8+ Rxd8 11. a3 g6 12. Bg5 Bg7 13. e4 Bg4 14. e5 Bxf3
15. exf6 Nd4 16. Bb5+ Nxb5 17. fxg7 Rg8 18. Bxd8 Bxg2 19. Rg1 Nd4 20. Rxg2 Nc2+
21. Kd1 Nxa1 22. Bf6 Kd7 23. Ne4 Nb3 24. Bc3 Ke6 25. Rg1 h6 26. Kc2 Kf5 27. f3
Na5 28. Bxa5 Rxg7 29. Bc3 Rg8 30. Nd6+ Kf4 31. Nxf7 Kxf3 32. Nxh6 Re8 33. Rg3+
Kf4 34. Bd2+ 1-0

[Event "Online Olym Div2 C 2021"]
[Site "chess.com INT"]
[Date "2021.09.02"]
[Round "1.2"]
[Board "4"]
[White "Roy, Ali"]
[Black "Machlik, Edit"]
[Result "0-1"]
[WhiteElo "1878"]
[BlackElo "2087"]
[WhiteTeam "Scotland"]
[BlackTeam "Norway"]
[WhiteFideId "2400456"]
[BlackFideId "1513591"]
[EventDate "2021.09.02"]
[EventType "team"]

1. Nf3 d5 2. g3 Nf6 3. Bg2 Bf5 4. O-O c6 5. d3 h6 6. Nbd2 e6 7. c4 Be7 8. b3 O-O
9. Bb2 a5 10. Qc2 Nbd7 11. Rac1 a4 12. Rfd1 Re8 13. e4 Bg6 14. e5 Nh7 15. Nf1
axb3 16. axb3 Ra2 17. Ra1 Rxa1 18. Rxa1 Nc5 19. Ne1 Qb6 20. Nd2 Rd8 21. Bc3 Rc8
22. Ba5 Qa7 23. Bc3 Qb8 24. b4 Na6 25. Qb2 Nf8 26. Bf1 Rd8 27. cxd5 cxd5 28. d4
Rc8 29. Bxa6 bxa6 30. Rxa6 Qc7 31. Ra3 Nd7 32. Ng2 Nb6 33. Nf4 Bf5 34. f3 Qc6
35. g4 Bh7 36. Kf2 Na4 37. Rxa4 Qxa4 38. b5 Rb8 39. Qb3 Qxb5 40. Qxb5 Rxb5 41.
Ke3 Bg5 42. h4 Bxh4 43. Ng2 Be7 44. f4 Bb4 45. Bxb4 Rxb4 46. Ne1 Kf8 47. Nd3
Bxd3 48. Kxd3 Ke7 49. Kc3 Ra4 50. Nb3 Ra2 51. Kd3 Rg2 52. Nc5 Rxg4 53. Ke3 h5
54. Kf3 Rg1 55. Nb7 h4 56. Kf2 Rg6 57. Nd6 h3 58. f5 exf5 59. Nxf5+ Ke6 60. Ng3
h2 0-1

[Event "Online Olym Div2 C 2021"]
[Site "chess.com INT"]
[Date "2021.09.02"]
[Round "1.2"]
[Board "5"]
[White "Kvaloy, Aksel Bu"]
[Black "Gordon, Frederick"]
[Result "0-1"]
[WhiteElo "2247"]
[BlackElo "1456"]
[WhiteTeam "Norway"]
[BlackTeam "Scotland"]
[WhiteFideId "1528815"]
[BlackFideId "2409143"]
[EventDate "2021.09.02"]
[EventType "team"]

1. e4 c5 2. Nf3 g6 3. c3 d5 4. exd5 Qxd5 5. d4 Bg7 6. Nbd2 Nf6 7. Bc4 Qd6 8. O-O
cxd4 9. Nxd4 O-O 10. N2f3 a6 11. Re1 b5 12. Bf1 Nbd7 13. a4 bxa4 14. Qxa4 Bb7
15. b3 Nc5 16. Qa2 Nfe4 17. b4 Ne6 18. Bb2 Nxd4 19. Nxd4 Rfc8 20. Bc4 e6 21.
Rac1 Kh8 22. Red1 Qf4 23. Ba1 Ng5 24. Qd2 Qxd2 25. Rxd2 Rxc4 26. Nb3 Bd5 27. Na5
Rg4 28. h3 Nf3+ 29. Kf1 Nxd2+ 30. Ke1 Rxg2 0-1

[Event "Online Olym Div2 C 2021"]
[Site "chess.com INT"]
[Date "2021.09.02"]
[Round "1.3"]
[Board "1"]
[White "Masango, Spencer"]
[Black "Kalezic, Blazo"]
[Result "0-1"]
[BlackTitle "IM"]
[WhiteElo "2101"]
[BlackElo "2434"]
[WhiteTeam "Zimbabwe"]
[BlackTeam "Montenegro"]
[WhiteFideId "14300753"]
[BlackFideId "921815"]
[EventDate "2021.09.02"]
[EventType "team"]

1. Nf3 d5 2. c4 d4 3. d3 g6 4. b4 Bg7 5. Bb2 e5 6. g3 Ne7 7. Bg2 O-O 8. h4 h6 9.
Na3 a5 10. Nc2 axb4 11. Nxb4 c5 12. Nc2 Nbc6 13. O-O f5 14. e3 f4 15. exf4 exf4
16. Bc1 fxg3 17. fxg3 Bg4 18. Bf4 Nf5 19. Qc1 Kh7 20. a3 Qd7 21. Ra2 Rae8 22.
Nce1 Ne3 23. Rff2 Re7 24. Nh2 Bf5 25. Bf3 Ne5 26. Be2 Rfe8 27. Nhf3 N5g4 28. Bf1
Nxf2 29. Rxf2 Bh3 30. Bxh3 Qxh3 31. h5 gxh5 32. Qd2 h4 33. Re2 Qf1+ 0-1

[Event "Online Olym Div2 C 2021"]
[Site "chess.com INT"]
[Date "2021.09.02"]
[Round "1.3"]
[Board "2"]
[White "Tomic, Aleksandar"]
[Black "Mwadzura, Roy"]
[Result "1-0"]
[WhiteTitle "FM"]
[WhiteElo "2327"]
[BlackElo "2017"]
[WhiteTeam "Montenegro"]
[BlackTeam "Zimbabwe"]
[WhiteFideId "16501799"]
[BlackFideId "11004436"]
[EventDate "2021.09.02"]
[EventType "team"]

1. d4 Nf6 2. c4 e6 3. Nf3 d5 4. Nc3 Be7 5. Bg5 b6 6. e3 Nbd7 7. cxd5 exd5 8. Bb5
Bb7 9. Ne5 O-O 10. Nc6 Qe8 11. Nxe7+ Qxe7 12. Bxd7 Qxd7 13. Bxf6 gxf6 14. Qf3
Qd6 15. Qg3+ Qxg3 16. hxg3 c6 17. Kd2 Bc8 18. Rac1 Bf5 19. b4 Rfd8 20. Ne2 Rac8
21. Rc3 Kf8 22. Rhc1 Bd7 23. Nf4 Ke7 24. f3 f5 25. Rh1 Rg8 26. Rxh7 Rxg3 27. Ke2
Rgg8 28. Kf2 Kf6 29. Nd3 Kg6 30. Rh1 f6 31. Nf4+ Kf7 32. Rh7+ Rg7 33. Rh6 Ke7
34. a4 Rf7 35. Ra3 Kd6 36. a5 c5 37. axb6 axb6 38. Ra6 Rc6 39. b5 Bc8 40. Ra8
Rcc7 41. Rh8 Bd7 42. Rhd8 cxd4 43. exd4 Rc2+ 44. Ke3 Re7+ 45. Kd3 Rb2 46. Ra7
Rxb5 47. Ng6 Rg7 48. Nf8 Rb3+ 49. Kc2 Re3 50. Rdxd7+ Rxd7 51. Rxd7+ Kc6 52. Kd2
Ra3 53. Rg7 Kb5 54. Ne6 Kc4 55. Rc7+ Kb4 56. Nf4 Ra2+ 57. Kd3 Kb5 58. Nxd5 Rxg2
59. Nc3+ Ka6 60. Rf7 Rg8 61. Rxf6 1-0

[Event "Online Olym Div2 C 2021"]
[Site "chess.com INT"]
[Date "2021.09.02"]
[Round "1.3"]
[Board "3"]
[White "Makwena, Christine"]
[Black "Milovic, Aleksandra"]
[Result "0-1"]
[BlackTitle "WIM"]
[WhiteElo "1614"]
[BlackElo "2129"]
[WhiteTeam "Zimbabwe"]
[BlackTeam "Montenegro"]
[WhiteFideId "11003391"]
[BlackFideId "933988"]
[EventDate "2021.09.02"]
[EventType "team"]

1. d4 e6 2. c4 Nf6 3. Nc3 Be7 4. g3 O-O 5. Bg2 d5 6. cxd5 Nxd5 7. e4 Nxc3 8.
bxc3 c5 9. Ne2 cxd4 10. cxd4 Nc6 11. O-O Re8 12. Bb2 Qa5 13. d5 Nb8 14. d6 Bf6
15. Bxf6 gxf6 16. Qd4 Qe5 17. Rfd1 Qxd4 18. Nxd4 Bd7 19. Rab1 e5 20. Nf5 b6 21.
Ne7+ Kf8 22. Nd5 Na6 23. Nxf6 Red8 24. Rbc1 Nc5 25. f4 Ba4 0-1

[Event "Online Olym Div2 C 2021"]
[Site "chess.com INT"]
[Date "2021.09.02"]
[Round "1.3"]
[Board "4"]
[White "Koljevic, Nikolina"]
[Black "Zengeni, Tatenda Melisa"]
[Result "1-0"]
[WhiteElo "1950"]
[BlackElo "1581"]
[WhiteTeam "Montenegro"]
[BlackTeam "Zimbabwe"]
[WhiteFideId "16503945"]
[BlackFideId "11001313"]
[EventDate "2021.09.02"]
[EventType "team"]

1. e4 c6 2. d4 d5 3. e5 Bf5 4. h4 h6 5. g4 Bh7 6. Bd3 Bxd3 7. Qxd3 e6 8. Ne2 Qb6
9. h5 c5 10. c3 Nc6 11. f4 cxd4 12. cxd4 Be7 13. Nbc3 Bd8 14. f5 Nge7 15. fxe6
fxe6 16. Rf1 Rf8 17. Rxf8+ Kxf8 18. Be3 Nb4 19. Qh7 Rc8 20. Kf2 Rc7 21. Rf1 Ng8
22. Kg2+ Rf7 23. Rxf7+ Kxf7 24. Qg6+ Kf8 25. Nf4 Nf6 26. exf6 Bxf6 27. Nfe2 Nc6
28. Na4 Qb4 29. Nc5 Qxb2 30. Nxe6+ Ke7 31. Nf4 Qxa2 32. Qf5 Nd8 33. Nxd5+ Kf8
34. Kf3 Kf7 35. Bxh6 Ne6 36. Qg6+ Kg8 37. Nxf6+ 1-0

[Event "Online Olym Div2 C 2021"]
[Site "chess.com INT"]
[Date "2021.09.02"]
[Round "1.3"]
[Board "5"]
[White "Mureya Terrence"]
[Black "Miletic, Vuk"]
[Result "1-0"]
[WhiteElo "1868"]
[BlackElo "2249"]
[WhiteTeam "Zimbabwe"]
[BlackTeam "Montenegro"]
[WhiteFideId "11011483"]
[BlackFideId "16503406"]
[EventDate "2021.09.02"]
[EventType "team"]

1. d4 Nf6 2. c4 e6 3. Nc3 Bb4 4. Qc2 O-O 5. Bg5 d6 6. e3 Nbd7 7. Bd3 h6 8. Bh4
c5 9. Ne2 b6 10. O-O Bxc3 11. Nxc3 Bb7 12. Rad1 cxd4 13. exd4 Qc7 14. Bg3 a6 15.
h3 Rac8 16. Qe2 Rfe8 17. Rfe1 e5 18. dxe5 Nxe5 19. Qf1 Nxd3 20. Qxd3 Qxc4 21.
Rxe8+ Nxe8 22. Qxc4 Rxc4 23. Bxd6 Nxd6 24. Rxd6 Bc6 25. Ne2 Kf8 26. Nd4 Be8 27.
Nf5 Rc1+ 28. Kh2 Rc6 29. Rd8 Re6 30. Kg3 g6 31. Nxh6 f5 32. Kf4 Kg7 33. Kg5 Re2
34. g4 fxg4 35. Nxg4 Bf7 36. Ra8 Rxb2 37. Rxa6 Bxa2 38. f4 Bb1 39. Ra7+ Kf8 40.
Kf6 Ke8 41. Ne5 Kd8 42. Nxg6 Rh2 43. Ra3 Rf2 44. Ra4 Rh2 45. Rd4+ Kc7 46. Rc4+
Kd6 47. Rc3 Rf2 48. Rb3 Bxg6 49. Kxg6 Rxf4 50. Rxb6+ Ke7 51. Rb3 Rh4 52. Rf3 Rh8
53. Kg7 Rh4 54. Re3+ Kd6 55. Kf6 Kd7 56. Kg5 Rh8 57. h4 Rg8+ 58. Kf6 Rh8 59. Re4
Kd8 60. Kg7 Rh5 61. Kg6 Rh8 62. h5 Rg8+ 63. Kf7 Rh8 64. Re5 Kd7 65. Kg7 Ra8 66.
h6 Kd6 67. Rf5 Ke6 68. Rf7 Ra1 69. Rf6+ Ke7 70. h7 Rh1 71. Rh6 Rg1+ 72. Rg6 1-0

[Event "Online Olym Div2 C 2021"]
[Site "chess.com INT"]
[Date "2021.09.02"]
[Round "1.3"]
[Board "6"]
[White "Popovic, Mateja"]
[Black "Mawire, Rumbidzai"]
[Result "1-0"]
[BlackTitle "WCM"]
[WhiteElo "1714"]
[BlackElo "1388"]
[WhiteTeam "Montenegro"]
[BlackTeam "Zimbabwe"]
[WhiteFideId "16504518"]
[BlackFideId "14317940"]
[EventDate "2021.09.02"]
[EventType "team"]

1. d4 Nf6 2. Nf3 g6 3. Bg5 Bg7 4. Nbd2 O-O 5. c3 d6 6. e4 Nbd7 7. Be2 Re8 8. O-O
c5 9. dxc5 Nxc5 10. Qc2 b6 11. Rad1 Bb7 12. e5 dxe5 13. Nxe5 Qc7 14. Ndf3 Be4
15. Qc1 Rad8 16. Bc4 e6 17. Rxd8 Rxd8 18. Qf4 Bxf3 19. gxf3 Nh5 20. Bxd8 Nxf4
21. Bxc7 Nb7 22. Nxf7 Nh3+ 23. Kg2 Kxf7 24. Kxh3 Na5 25. Bb5 Nb7 26. b4 Bxc3 27.
Bc6 Na5 28. bxa5 Bxa5 29. Rd1 Kf6 30. Kg4 h5+ 31. Kh4 Bb4 32. Bd8+ Kf5 33. Be4+
Ke5 34. Bc7+ Kf6 35. Rd7 Bc5 36. Bd8+ Ke5 37. Kg5 Bd6 38. Bf6# 1-0

[Event "Online Olym Div2 C 2021"]
[Site "chess.com INT"]
[Date "2021.09.02"]
[Round "1.4"]
[Board "1"]
[White "Rocha, Sergio"]
[Black "Ashiku, Franc"]
[Result "0-1"]
[WhiteTitle "IM"]
[BlackTitle "IM"]
[WhiteElo "2344"]
[BlackElo "2421"]
[WhiteTeam "Portugal"]
[BlackTeam "Albania"]
[WhiteFideId "1900404"]
[BlackFideId "4700066"]
[EventDate "2021.09.02"]
[EventType "team"]

1. d4 Nf6 2. Nf3 g6 3. c4 Bg7 4. Nc3 O-O 5. e4 d6 6. Be2 Na6 7. Bg5 e5 8. d5 h6
9. Bh4 Qe8 10. Nd2 Nh7 11. g4 Ng5 12. Bg3 Nh3 13. Nf1 f5 14. gxf5 gxf5 15. exf5
Bxf5 16. Ne3 Bg6 17. Bg4 Nf4 18. O-O Nc5 19. Kh1 Kh8 20. Ng2 Ncd3 21. Qd2 Qf7
22. Nxf4 exf4 23. Bh4 f3 24. Bg3 Rae8 25. Be6 Qf6 26. Nb5 Re7 27. Nxa7 h5 28. h4
Kh7 29. Nb5 Rxe6 30. dxe6 Qxe6 31. Kh2 Nf4 32. Bxf4 Qg4 33. Rh1 Qg2# 0-1

[Event "Online Olym Div2 C 2021"]
[Site "chess.com INT"]
[Date "2021.09.02"]
[Round "1.4"]
[Board "2"]
[White "Pasko, Llambi"]
[Black "Fidalgo, Andre Neves"]
[Result "1-0"]
[WhiteTitle "IM"]
[WhiteElo "2411"]
[BlackElo "2263"]
[WhiteTeam "Albania"]
[BlackTeam "Portugal"]
[WhiteFideId "4701178"]
[BlackFideId "1933620"]
[EventDate "2021.09.02"]
[EventType "team"]

1. d4 Nf6 2. c4 g6 3. Nc3 d5 4. cxd5 Nxd5 5. e4 Nxc3 6. bxc3 Bg7 7. Rb1 O-O 8.
Nf3 c5 9. Be2 cxd4 10. cxd4 Qa5+ 11. Bd2 Qxa2 12. O-O Nc6 13. Bg5 h6 14. Be3 Bg4
15. d5 Ne5 16. Rxb7 Rfb8 17. Rxe7 Bf6 18. Rc7 Rb2 19. Re1 a5 20. h3 Bxf3 21.
gxf3 g5 22. d6 Rd8 23. f4 gxf4 24. Bxf4 Qe6 25. Bxe5 Qxe5 26. Bc4 Rxd6 27. Qg4+
Bg7 28. Bxf7+ Kh7 29. Qf5+ Qxf5 30. exf5 h5 31. Re6 Rd1+ 32. Kg2 Rdd2 33. Bg6+
Kh6 34. Be8+ Kh7 35. Kg3 Rxf2 36. Bxh5 Rg2+ 37. Kh4 Rb4+ 38. Bg4 1-0